Chelsea - Transferts les plus chers - Statistiques

Statistiques générales
  • Ce quiz a été pris 89 fois
  • Le résultat moyen est 35 sur 50
Statistiques - réponses
Saison Nationalité Montant Provenance Réponse % Correct
22/23 Argentine 121 M€ Benfica Lisbonne Enzo Fernández
98%
23/24 Equateur 116 M€ Brighton Moisés Caicedo
96%
21/22 Belgique 113 M€ Inter Milan Romelu Lukaku
93%
20/21 Allemagne 100 M€ Bayer Leverkusen Kai Havertz
90%
22/23 Ukraine 70 M€ Shakhtar Donetsk Mykhaylo Mudryk
90%
22/23 France 80 M€ Leicester Wesley Fofana
90%
18/19 USA 64 M€ Borussia Dortmund Christian Pulisic
89%
25/26 Brésil 63 M€ Brighton João Pedro
89%
22/23 Espagne 65 M€ Brighton Marc Cucurella
86%
25/26 Argentine 46 M€ Manchester United Alejandro Garnacho
84%
10/11 Espagne 58 M€ Liverpool Fernando Torres
84%
23/24 France 60 M€ RB Leipzig Christopher Nkunku
83%
12/13 Belgique 35 M€ Lille Eden Hazard
83%
16/17 France 35 M€ Leicester N'Golo Kanté
83%
18/19 Espagne 80 M€ Athletic Bilbao Kepa Arrizabalaga
81%
06/07 Ukraine 43 M€ Milan AC Andriy Shevchenko
79%
20/21 Maroc 40 M€ Ajax Amsterdam Hakim Ziyech
79%
19/20 Croatie 45 M€ Real Madrid Mateo Kovacic
79%
24/25 Portugal 60 M€ Wolverhampton Pedro Neto
79%
20/21 Allemagne 53 M€ RB Leipzig Timo Werner
79%
16/17 Brésil 35 M€ PSG David Luiz
76%
04/05 Côte d'Ivoire 38 M€ Marseille Didier Drogba
76%
25/26 Brésil 45 M€ Palmeiras Estêvão
76%
05/06 Ghana 38 M€ Lyon Michael Essien
76%
23/24 Belgique 62 M€ Southampton Roméo Lavia
76%
24/25 Portugal 52 M€ Atlético Madrid João Félix
74%
22/23 Sénégal 41 M€ Naples Kalidou Koulibaly
74%
22/23 Angleterre 56 M€ Manchester City Raheem Sterling
74%
23/24 France 45 M€ AS Monaco Axel Disasi
73%
23/24 Angleterre 47 M€ Manchester City Cole Palmer
73%
18/19 Italie 57 M€ Naples Jorginho
73%
22/23 France 38 M€ AS Monaco Benoît Badiashile
70%
25/26 Angleterre 56 M€ Borussia Dortmund Jamie Gittens
70%
25/26 Angleterre 35 M€ Ipswich Town Liam Delap
69%
23/24 Sénégal 37 M€ Villarreal Nicolas Jackson
66%
17/18 Espagne 66 M€ Real Madrid Álvaro Morata
63%
25/26 Pays Bas 44 M€ Ajax Amsterdam Jorrel Hato
63%
16/17 Belgique 39 M€ Marseille Michy Batshuayi
59%
17/18 Allemagne 35 M€ AS Rome Antonio Rüdiger
55%
14/15 Espagne 33 M€ FC Barcelone Cesc Fàbregas
55%
13/14 Brésil 35 M€ Anzhi Willian
54%
20/21 Angleterre 50 M€ Leicester Ben Chilwell
53%
17/18 France 40 M€ AS Monaco Tiemoué Bakayoko
51%
14/15 Espagne 38 M€ Atlético Madrid Diego Costa
50%
12/13 Brésil 32 M€ Internacional Porto Alegre Oscar
50%
22/23 Angleterre 35 M€ PSV Noni Madueke
49%
17/18 Angleterre 37 M€ Leicester Danny Drinkwater
43%
14/15 Colombie 31 M€ Fiorentina Juan Cuadrado
43%
24/25 Angleterre 35 M€ Leicester Kiernan Dewsbury-Hall
38%
05/06 Angleterre 31 M€ Manchester City Shaun Wright-Phillips
9%
Aucun quiz correspondant
Distribution des résultats
% des personnes avec chaque résultat
Percentile par nombre de réponses
Votre historique - résultats
Vous n’avez pas pris ce quiz